Witamy w Bibliotece Naukowej Instytutu Łączności!

Wojskowe statki powietrzne - Smarowniczki kulkowe ciśnieniowe Klasyfikacja i wymagania PN-V-82010:1998P / (Rekord nr 20678)

000 -LEADER
fixed length control field 00297 a2200085 4500
003 - CONTROL NUMBER IDENTIFIER
control field WA 310
005 - DATE AND TIME OF LATEST TRANSACTION
control field 20230123142934.0
008 - FIXED-LENGTH DATA ELEMENTS--GENERAL INFORMATION
fixed length control field 230123b xxu||||| |||| 00| 0 pol d
040 ## - CATALOGING SOURCE
Transcribing agency WA 310
245 00 - TITLE STATEMENT
Title Wojskowe statki powietrzne - Smarowniczki kulkowe ciśnieniowe Klasyfikacja i wymagania PN-V-82010:1998P /
Statement of responsibility, etc NKP nr 177.
246 13 - VARYING FORM OF TITLE
Title proper/short title PN-V-82010
260 ## - PUBLICATION, DISTRIBUTION, ETC. (IMPRINT)
Place of publication, distribution, etc Warszawa :
Name of publisher, distributor, etc NKP nr 177,
Date of publication, distribution, etc 1999.
300 ## - PHYSICAL DESCRIPTION
Extent 9 stron ;
Dimensions 30 cm.
650 ## - SUBJECT ADDED ENTRY--TOPICAL TERM
Topical term or geographic name as entry element Polska norma
942 ## - ADDED ENTRY ELEMENTS (KOHA)
Source of classification or shelving scheme
Koha item type Książki
Egzemplarze
Withdrawn status Lost status Source of classification or shelving scheme Damaged status Not for loan Permanent Location Current Location Shelving location Date acquired Inventory number Full call number Barcode Date last seen Price effective from Koha item type Public note
        Nie do wypożyczenia Instytut Łączności Instytut Łączności Księgozbiór Podręczny 2018-01-31 PN-V-82010:1998P PN-V-82010:1998P 82010:1998P 2023-01-18 2018-01-31 Książki print, wycofana

Działa dzięki Koha